| Tag |
First Indicator |
Second Indicator |
Subfields |
| LEADER |
00000cam a2200000 4500 |
| 001 |
in00000093440 |
| 005 |
20150927070145.0 |
| 008 |
741010s1973 fr a b i10000 fre |
| 010 |
|
|
|a 74181803
|
| 015 |
|
|
|a F***
|
| 035 |
|
|
|a (OCoLC)01094070
|
| 035 |
|
|
|9 AAL5286AM
|
| 040 |
|
|
|a DLC
|c DLC
|d TXA
|d UtOrBLW
|
| 041 |
0 |
|
|a eng
|a fre
|
| 049 |
|
|
|a TXAM
|c [1149941]
|
| 050 |
0 |
0 |
|a TP243
|b .I57 1973
|
| 082 |
0 |
|
|a 665/.82
|
| 090 |
|
|
|a TP490
|b .I52 Suppl. 1973-1
|
| 110 |
2 |
|
|a International Institute of Refrigeration.
|
| 245 |
1 |
0 |
|a Fiabilite et securite des appareils de separation d'air. :
|b Reliability and safety of air separation plant. Meeting of Commission A3-I.I.R. in collaboration with Cryotech '73 organised by the British Cryogenics Council /
|c Edite par [l']Institut international du froid.
|
| 264 |
|
1 |
|a Paris,
|b [publisher not identified] ;
|c [1973]
|
| 300 |
|
|
|a ix, 122 pages :
|b illustrations ;
|c 24 cm.
|
| 336 |
|
|
|a text
|b txt
|2 rdacontent
|
| 337 |
|
|
|a unmediated
|b n
|2 rdamedia
|
| 338 |
|
|
|a volume
|b nc
|2 rdacarrier
|
| 490 |
1 |
|
|a Supplement au Bulletin I.I.F./I.I.R. Annexe 1973-1
|
| 490 |
0 |
|
|a Science et technique de froid. Refrigeration science and technology
|
| 500 |
|
|
|a French or English, with summaries in English and French.
|
| 504 |
|
|
|a Includes bibliographies.
|
| 650 |
|
0 |
|a Air
|x Liquefaction
|x Congresses.
|
| 710 |
2 |
|
|a British Cryogenics Council.
|
| 740 |
0 |
|
|a Reliability and safety of air separation plant.
|
| 830 |
|
0 |
|a Annexe au Bulletin de l'Institut international du froid. ;
|v 1973, 1.
|
| 999 |
|
|
|a MARS
|
| 999 |
f |
f |
|s fc9174a2-8238-3dfe-8e28-24da5667c9f9
|i eff66b31-e03c-3414-8d54-2b9803ef4541
|t 0
|
| 952 |
f |
f |
|p ric
|a Texas A&M University
|b Rellis Campus
|c Joint Library Facility
|d Remote Storage
|t 0
|e TP490 .I52 Suppl. 1973-1
|h Library of Congress classification
|i unmediated -- volume
|m A14805609848
|
| 998 |
f |
f |
|a TP490 .I52 Suppl. 1973-1
|t 0
|l Remote Storage
|